000 00452nam a2200157Ia 4500
008 151021s9999 xx 000 0 und d
020 _a156032421x
050 _aHM 131.I544 1997
245 _a_Intergenerational programs past,present and future
260 _aUSA Taylor&Francis 1977
300 _axv,247p.
500 _aIncludes index
500 _aIncludes index
650 _a_Developmental theoris
980 _a^d20130529 04:39:30^oanne
999 _c13875
_d13875